Crusades Quiz - Statistics

General Stats
  • This quiz has been taken 273 times
  • The average score is 5 of 14
Answer Stats
Hint Answer % Correct
Great Muslim leader of the third crusade Saladin
83%
The christian leader of the 3rd crusade Richard The Lionheart
76%
Holy city to Christians, Judaism and Islam Jerusalem
71%
Byzantine city threatened in the crusades Constantinople
53%
Pope who helps the Byzantines Urban II
51%
City connected to St. Peter and early Christians Antioch
39%
They pray, train, and protect Knights templar
39%
Representative of evil during the crusades Baldwin
36%
Roman king who drowned Fredrick Barbarossa
28%
Conquerors of christian Constantinople Christian Crusaders
16%
Conquers Jerusalem but refuses to be king Godfrey
16%
first city crusaders liberate Nicea
9%
The conqueror on Antioch Bohemund
2%
Byzantine emperor who asks for help Alexsius I
0%
No matching quizzes found
Score Distribution
Percent of People with Each Score
Percentile by Number Answered
Your Score History
You have not taken this quiz